| 000 | 00857nam a2200229 a 4500 | ||
|---|---|---|---|
| 001 | 000023884 | ||
| 005 | 20240415140329.0 | ||
| 008 | 110115s1983 mx a r 001 0 spa d | ||
| 040 |
_aDO-SdBNP _bspa _cBNPHU |
||
| 041 | 1 | 7 |
_aspa _heng _2Código de idiomas MARC |
| 082 |
_a350 _bF852n |
||
| 100 | 1 |
_aFrederickson, H. George, _949139 |
|
| 240 | 1 | 0 |
_aNew public administration. _lEspañol |
| 245 | 1 | 0 |
_aNueva administración pública / _cH. George Frederickson ; traducción de Ángel Carlos González Ruiz. |
| 260 |
_aMéxico : _bNOEMA, _c1983. |
||
| 300 |
_a173 p. : _bil. ; _c21 cm. |
||
| 534 |
_pTítulo original en inglés: _tNew public administration. _cAlabama, E.U.A. : The University of Alabama, 1980 |
||
| 500 | _aIncluye índice | ||
| 650 | 0 |
_aAdministración pública _99266 |
|
| 700 | 1 |
_aGonzález Ruiz, Ángel Carlos, _etr. _98969 |
|
| 049 | _aBNGR | ||
| 999 |
_c23380 _d23380 |
||